<?xml version="1.0" encoding="UTF-8"?>
<collection xmlns="http://www.loc.gov/MARC21/slim">
 <record>
  <leader>00576pamaa2200169   4500</leader>
  <controlfield tag="001">0000024622</controlfield>
  <controlfield tag="005">20080715090000.0</controlfield>
  <datafield tag="020" ind1="0" ind2="0">
   <subfield code="a">1572313730 (CD-ROM) </subfield>
  </datafield>
  <datafield tag="090" ind1="0" ind2="0">
   <subfield code="a">QA76.76.O63 </subfield>
   <subfield code="b">MIC 1997</subfield>
  </datafield>
  <datafield tag="110" ind1="1" ind2="0">
   <subfield code="a">MICROSOFT CORPORATION</subfield>
  </datafield>
  <datafield tag="245" ind1="1" ind2="0">
   <subfield code="a">Microsoft windows NT technical support training  </subfield>
   <subfield code="c">Microsoft Corporation [</subfield>
   <subfield code="m">CD-ROM].</subfield>
  </datafield>
  <datafield tag="260" ind1="0" ind2="0">
   <subfield code="a">Washington: </subfield>
   <subfield code="b">Microsoft Press, </subfield>
   <subfield code="c">1997.</subfield>
  </datafield>
  <datafield tag="300" ind1=" " ind2=" ">
   <subfield code="a">1 compact disc; </subfield>
   <subfield code="c">4.5 in.</subfield>
  </datafield>
  <datafield tag="500" ind1="0" ind2="0">
   <subfield code="a">Accompany with book titled &quot; Microsoft windows Nt technical support&quot;.</subfield>
  </datafield>
  <datafield tag="650" ind1="0" ind2="0">
   <subfield code="a">Operating systems (Computers) </subfield>
  </datafield>
  <datafield tag="650" ind1="0" ind2="0">
   <subfield code="a">Microsoft windows NT </subfield>
  </datafield>
 </record>
</collection>
